000 00589nam a22002177a 4500
003 UA-OsUOA
001 93643
007 ta
008 20130124b un ||||| |||| 00| 0 ukr d
100 _aКозюк В.
090 _a330(477)
_bК59
942 _cSA
040 _aUA-OsUOA
_bukr
_cUA-OsUOA
_dUA-OsUOA
245 _aФактор очікувань у детермінації глобалього кредитного циклу
300 _aС.3-26
955 _a0
041 _aukr
080 _a330(477)
773 0 _w93642
650 7 _a330 Економіка взагалі
_2UDC
999 _c379885
_d379885